Medidas y pruebas con ondas cuadradas

Enregistré dans:
Détails bibliographiques
Auteur principal: Schultz, Wilhelm, 1922-
Format: Livre
Langue:Undetermined
Publié: Madrid : Paraninfo, 1969.
Collection:Biblioteca técnica Philips
Sujets:
Tags: Ajouter un tag
Pas de tags, Soyez le premier à ajouter un tag!

MARC

LEADER 00000nam a2200000Ia 4500
003 000656
005 20221231143945.0
008 140114s9999 xx 000 0 und d
040 |c cru CEDI  
082 |a 621.381.5 S422m 
100 |a Schultz, Wilhelm, 1922-  |9 19143 
245 |a Medidas y pruebas con ondas cuadradas 
260 |a Madrid : Paraninfo,   |c 1969. 
300 |a 243 páginas : ilustraciones (algunas plegables) 
440 |a  Biblioteca técnica Philips  |9 19144 
650 |x ELECTRONICA   |x  MEDICIONES   |x  APARATOS E INSTRUMENTOS  |9 19145 
942 |2 ddc  |c BK 
999 |c 14779  |d 14779